Online katalóg knižníc regiónu Turca

Od Hippokrata po Pavlova / (Record no. 20558)

MARC details
000 -LEADER
fixed length control field 00646nam a22002171 4500
001 - CONTROL NUMBER
control field 20558
003 - CONTROL NUMBER IDENTIFIER
control field CZ PrNK
005 - DATE AND TIME OF LATEST TRANSACTION
control field 20260126123526.0
008 - FIXED-LENGTH DATA ELEMENTS--GENERAL INFORMATION
fixed length control field 011210s1958 xo ||| | slo
040 ## - CATALOGING SOURCE
Original cataloging agency ABA001
Language of cataloging cze
Transcribing agency ABA001
Modifying agency ABA001
041 1# - LANGUAGE CODE
Language code of text/sound track or separate title slo
Language code of original ger
100 1# - MAIN ENTRY--PERSONAL NAME
Personal name Glaser, Hugo,
Dates associated with a name 1881-1976
Relationship aut
245 10 - TITLE STATEMENT
Title Od Hippokrata po Pavlova /
Statement of responsibility, etc. Hugo Glaser ; Z nem. orig. Die Entdecker des Menschen prel. František Považský
250 ## - EDITION STATEMENT
Edition statement 1. vyd.
260 ## - PUBLICATION, DISTRIBUTION, ETC.
Place of publication, distribution, etc. Martin :
Name of publisher, distributor, etc. Osveta,
Date of publication, distribution, etc. 1958
300 ## - PHYSICAL DESCRIPTION
Extent 197 s. ;
Dimensions
490 1# - SERIES STATEMENT
Series statement Náučná knižnica ;
Volume/sequential designation [Zv.] 11
830 #0 - SERIES ADDED ENTRY--UNIFORM TITLE
Uniform title Náučná knižnica
910 ## - USER-OPTION DATA (OCLC)
User-option data ABA001
942 ## - ADDED ENTRY ELEMENTS (KOHA)
Source of classification or shelving scheme Dewey Decimal Classification
Koha item type Krásna literatúra pre dospelých
Suppress in OPAC No
Holdings
Stav vyradenia Strata Poškodenie Spôsob nadobudnutia Domovská knižnica Aktuálna knižnica Dátum nadobudnutia Total checkouts Čiarový kód exemplára Date last seen Typ exemplára
      Dar Obecná knižnica Horná Štubňa Obecná knižnica Horná Štubňa 26.01.2026   4736200594 26.01.2026 Krásna literatúra pre dospelých
Projekt je podporený Slovenskou asociáciou knižníc
Prevádzkuje Turčianska knižnica Martin 2026